|
|
|
แสดงรายละเอียดบรรณานุกรม |
|
|
Brief Record
: Get Marc (ISO 2709)
: E-mail record
: |
|
|
| LEADER 01174nam 2200277 a 4500 | |||
| 001 32279 | |||
| 003 ULIBM | |||
| 008 030417s2004 caua sb 001 0 eng | |||
| 020 ^a974-8361-99-3 | |||
| 082 ^a307.34^bอ-ช | |||
| 100 ^aอคิน รพีพัฒน์ | |||
| 245 ^aชีวิตและจุดจบของสลัมกรุงเทพฯแห่งหนึ่ง/^cอคิน รพีพัฒน์ | |||
| 250 ^aพิมพ์ครั้งที่ 2 | |||
| 260 ^aกรุงเทพฯ:^bมูลนิธิภูมิปัญญา,^c2537 | |||
| 300 ^a64 หน้า | |||
| 650 ^aชุมชนแออัด | |||
| 913 ^aImported by ULIBM Administrator | |||
| 949 ^aImport form external file by ULIBM system | |||
| คุณยังไม่ได้ล็อกอิน คุณสามารถมีกิจกรรมร่วมกับเว็บไซต์ได้ แต่ต้องล็อกอินก่อน :: |
|
| สถานะ | |||||||||
| 1. | หนังสือ | 307.34 อ-ช 2004 Barcode: 058241 | ►หนังสือทั่วไป | On Shelf ขอยืม | |||||
| 2. | หนังสือ | 307.34 อ-ช 2004 Barcode: 058242 | ►หนังสือทั่วไป | On Shelf ขอยืม | |||||
| 3. | หนังสือ | 307.34 อ-ช 2004 Barcode: 058243 | ►หนังสือทั่วไป | On Shelf ขอยืม | |||||
| [แสดง 3/3 รายการ] | |||||||||

BibComment |
| คอมเมนท์ทรัพยากรรายการนี้ |
|
|
ห้องสมุดโรงเรียนสามัคคีวิทยาคม
159 ถ.บรรพปราการ ต.เวียง อ.เมือง จ.เชียงราย 57000
โทร. 053-711018 โทรสาร 053-713003